Statystyki dla Siatkówka quiz #6 - Ranking najlepiej punktujących zawodników PlusLigi

Kliknij tutaj aby rozwiązać quiz!

Ogólne statystyki

  • Ten quiz został rozwiązany 55 razy
  • Średni wynik to 5 z 15

Statystyki odpowiedzi

MiejsceZawodnikLiczba punktów% Poprawnych
1Mariusz Wlazły7624
86%
2Dawid Konarski5433
64%
9Łukasz Kaczmarek3713
60%
3Jakub Jarosz5051
42%
13Bartłomiej Bołądź3607
34%
7Karol Butryn3842
34%
10Piotr Nowakowski3687
32%
14Maciej Muzaj3386
28%
15Paweł Papke3348
18%
11Michał Ruciak3642
14%
12Daniel Pliński3639
12%
5Krzysztof Gierczyński4686
10%
6Wojciech Żaliński4294
8%
4Grzegorz Szymański4727
6%
8Radosław Rybak3759
2%

Rozkład punktacji

Percentyl według liczby udzielonych odpowiedzi

Procent ludzi z każdym wynikiem

Twoja historia wyników

Nie rozwiązałeś tego quizu